000 00539nam a22001937a 4500
003 KOHA_MİRAKIL
005 20250430161903.0
008 250430b tu ||||| |||| 00| 0 tur d
020 _a9786258486735
040 _aTR-AnABB
_btur
_cTR-AnABB
041 _atur
082 _a823.8
_bBRO 2022
100 _aBronte, Charlotte,
_d 1816-1855
245 1 0 _aShirley /
_cCharlotte Bronte
260 _aİstanbul :
_bKetebe Yayınları,
_c2022
300 _a555 sayfa ;
_c21 cm
650 0 4 _aİngiliz edebiyatı, roman
942 _2ddc
_cBK
999 _c8883
_d8883
900 _bGizem YORULMAZ